00898nam a2200229 a 450000100100000000500170001000800410002704000250006808200190009310000390011224501000015126000370025130000210028850400410030965000620035065000320041265000190044465000280046370000460049195201160053799900150065300000588020200929151825.0090824s2005 dr 000 0 spa d aDO-SdBNPbspacBNPHU a347.016bA162l1 aAbreu de Polanco, Rhadys I.91657710aLecciones de derecho notarial /cRhadys I Abreu de Polanco ; prólogo Cecilio Gómez Pérez. aSanto Domingo, :b[s.n.],c2005. a172 p. ;c21 cm. aIncluye bibliografías (p. 171-172) 4aDerecho notarialzRepública DominicanaxHistoria916578 4aNotariado y registro916579 4aNotario916580 4aDerecho notarial9165811 aGómez Pérez, Cecilio,epról.912256 0010718PDaPDbPDcCTd2009-08-24iLF1l0o347.016 A162lp5880-10r2020-06-25w2020-06-25yLFPDZNo se presta c5676d5676